| 000 | 01062cam a2200313 4500 | ||
|---|---|---|---|
| 001 | D15238 | ||
| 008 | 090401t1979 xxu||||| |||| 00| 0 eng d | ||
| 035 | _a(Sirsi) u21367 | ||
| 041 | _aeng | ||
| 050 |
_a331.2 _c18 |
||
| 090 | _aRICS 1979/33ABCD | ||
| 110 |
_aRoyal Institution of Chartered Surveyors _94900 |
||
| 245 | _aConditions of engagement for building surveying services | ||
| 250 | _a(Revised ed.) | ||
| 260 |
_aLondon _bRICS _c1979 |
||
| 490 | _aRICS Conditions of Engagement | ||
| 490 | _aRICS Fee Scales | ||
| 520 | _aIncludes "Professional charges for building surveying services" (D11422) | ||
| 520 | _aSuperseded by 1981 edition (D15237). Supersedes 1977 edition (D15239) | ||
| 650 | _aCONDITIONS OF ENGAGEMENT | ||
| 650 | _aFEE SCALES | ||
| 650 | _aPROFESSIONAL CHARGES | ||
| 650 | _aPROFESSIONAL FEES | ||
| 650 | _aBUILDING SURVEYORS' FEES | ||
| 690 | _aBUILT ENVIRONMENT-BUILDING INSPECTION | ||
| 710 |
_aRoyal Institution of Chartered Surveyors _bBuilding Surveyors Division _94964 |
||
| 942 | _n0 | ||
| 948 | _c04/03/1997 | ||
| 999 |
_c87963 _d87963 |
||